| 000 | 00707nam a22002292 4500 | ||
|---|---|---|---|
| 001 | 0000011893 | ||
| 003 | OSt | ||
| 005 | 20231005120926.0 | ||
| 008 | 090119s xx 000 0 eng d | ||
| 020 | _a0273708117 : | ||
| 040 |
_aKABU _cKABU |
||
| 100 | 1 | _aStacey, Ralph D. | |
| 245 | 1 | 0 |
_aStrategic management and organisational dynamics : _bthe challenge of complexity to ways of thinking about organisations / _cRalph D. Stacey. |
| 250 | _a5th ed. | ||
| 260 |
_aLondon : _bPrentice Hall, _c2007. |
||
| 300 | _axvi, 480 p. | ||
| 650 | 0 | _aSrategic planning. | |
| 650 | 0 | _aOrganizational behaviour. | |
| 908 | _a090119 | ||
| 942 |
_2lcc _cBK |
||
| 999 |
_c8082 _d8082 |
||